| 000 | 00656nam a2200229 a 4500 | ||
|---|---|---|---|
| 999 |
_c2376 _d2376 |
||
| 001 | 2376 | ||
| 003 | BD-JhCC | ||
| 005 | 20171101175557.0 | ||
| 008 | 171101s2011 bg |||| ||a| 000 0 ben d | ||
| 020 | _a9789840413805 | ||
| 035 | _a(BD-JhCC)2376 | ||
| 040 |
_aBD-JhCC _dBD-JhCC |
||
| 041 | _aben | ||
| 082 |
_a923.1 _bAZA 2011 |
||
| 100 | _aআজাদ, মৌলি | ||
| 245 |
_aহুমায়ূন আজাদ আমার বাবা / _cমৌলি আজাদ, |
||
| 260 |
_aঢাকা : _bআগামী প্রকাশনী, _c2011 |
||
| 300 |
_a71 p.: _c20 cm. |
||
| 650 | _aBiography | ||
| 942 |
_2ddc _cBK |
||